000 00894nam a2200253 i 4500
003 DO-SdBNP
005 20230815094622.0
006 a||||gr|||| 00| 0
007 ta
008 230815n1998 dr ||||| |||| 00| 0 spa d
040 _aDO-SdBNP
_bspa
_cBNPHU
_erda
082 4 _222
_bI24e
110 2 _aIglesia Católica.
_bPatoral Juvenil Salesiano República Dominicana
_929797
245 _aCaminemos hacia el gran jubileo 2000:
_bEspíritu Santo. /
_cPresentación, José Ramírez
246 1 4 _aPascua juvenil '98:
_bel Espíritu es vida.
264 1 _a[Santo Domingo] :
_bPastoral Juvenil Salesiana,
_c1998
300 _a55 páginas :
_bIlustraciones ;
_c21 cm.
336 _2rdacontent
_atexto
_btxt
337 _2rdamedia
_asin mediación
_bn
338 _2rdacarrier
_avolumen
_bnc
590 _aInventariado 2023 / MF
700 2 _aRamírez, José,
_956784
_epresentación
942 _2ddc
_cLBS1
999 _c54407
_d54407